000 00679nam a2200229 a 4500
001 53336
003 BD-RjUL
005 20211209075939.0
008 161005r19801973ii a b 001 0 eng
035 _a(BD-RjUL)53456
040 _aDLC
_cDLC
_dUKM
_dZCU
_dBD-RjUL
_beng
041 _aeng
082 0 0 _a541.394
_bLAC 1980
_223
100 1 _aLaidler, Keith J.
_q(Keith James),
_d1916-2003.
_931615
245 0 0 _aChemical kinetics /
_cKeith J. Laidler.
250 _a2nd /T.M.H ed.
260 _aNew Delhi :
_bTata McGraw-Hill,
_c1973 [reprinted 1980]
300 _aix, 566 p. :
_bill. ;
_c23 cm.
500 _aIncludes index.
650 0 _aChemical kinetics.
_970259
942 _2ddc
_cBK
999 _c53336
_d53336